00411nam a2200133Ia 4500082001200000100002000012245006800032260003200100300002200132650004100154650003300195650003000228710001900258 aTD.0090 aDharmawat, B.L. 0aMobilisation of rural deposits by commercial banks in Rajasthan c1979bUniversity of Udaipur a165p. + C D - 68 aBANKS AND BANKING, RURAL - RAJASTHAN aRAJASTHAN - RURAL CONDITIONS aBANK DEPOSITS - RAJASTHAN aTripathi, P.C.